El Salvador 1969 (Registro nro. 4231)
[ vista simple ]
| 000 -CABECERA | |
|---|---|
| Longitud fija campo de control | 00561nam a22001697a 4500 |
| 003 - IDENTIFICADOR DELl NÚMERO DE CONTROL | |
| Identificador del número de control | OSt |
| 005 - FECHA Y HORA DE LA ÚLTIMA TRANSACCIÓN | |
| Fecha y hora de la última transacción | 20140519213004.0 |
| 008 - CÓDIGOS DE INFORMACIÓN DE LONGITUD FIJA | |
| Códigos de información de longitud fija | 131118b1969 slv spa |
| 040 ## - FUENTE DE LA CATALOGACIÓN | |
| Centro transcriptor | BMC |
| 082 ## - NÚMERO DE LA CLASIFICACIÓN DECIMAL DEWEY | |
| Númeroo de clasificación | 972.84052 |
| 245 00 - MENCIÓN DE TÍTULO | |
| Título | El Salvador 1969 |
| 260 ## - PUBLICACIÓN, DISTRIBUCIÓN, ETC. (PIE DE IMPRENTA) | |
| Lugar de publicación, distribución, etc. | San Salvador |
| Nombre del editor, distribuidor, etc. | Secretaría de Información de la Presidencia de la República |
| Fecha de publicación, distribución, etc. | 1969? |
| 300 ## - DESCRIPCIÓN FÍSICA | |
| Extensión | 238 p. |
| Otras características físicas | il. col. y n. |
| Dimensiones | 24 cm |
| Material anejo | + 1 h. pleg. |
| 651 #4 - PUNTO DE ACCESO ADICIONAL DE MATERIA - NOMBRE GEOGRÁFICO | |
| 9 (RLIN) | 3231 |
| Nombre geográfico | El Salvador |
| Subdivisión de materia general | Historia |
| Subdivisión cronológica | 1967-1972 |
| 710 1# - PUNTO DE ACCESO ADICIONAL - NOMBRE DE ENTIDAD | |
| 9 (RLIN) | 9266 |
| Nombre de entidad o nombre de jurisdicción como elemento inicial | El Salvador |
| Unidad subordinada | Secretaría de Información |
| -- | Presidencia de la República |
| 942 ## - ENTRADA DE ELEMENTOS AGREGADOS (KOHA) | |
| Fuente de clasificaión o esquema | Dewey Decimal Classification |
| Koha [por defecto] tipo de item | 1- Monografias |
| Suprimido | Perdido | Fuente de clasificación o esquema | Estropeado | Restricciones de uso | No para préstamo | Código de colección | Localización permanente | Localización actual | Localización en estanter&íacute;as | Fecha adquisición | Fuente de adquisición | Número de inventario | Préstamos totales | Signatura completa | Código de barras | Fecha última consulta | Coste, precio reemplazado | Fecha del precio de reemplazo | Tipo de item de Koha |
|---|---|---|---|---|---|---|---|---|---|---|---|---|---|---|---|---|---|---|---|
| NULL | NULL | Dewey Decimal Classification | NULL | Prestable | NULL | NULL | Biblioteca Miguel de Cervantes - UNICAES | Biblioteca Miguel de Cervantes - UNICAES | Sala Principal | 18/11/2013 | Donación - Mayorga Rivas | 007352 | 972.84052 ELS | 1007352 | 18/11/2013 | 18.00 | 18/11/2013 | 1- Monografias | |
| NULL | NULL | Dewey Decimal Classification | NULL | Prestable | NULL | NULL | Biblioteca Miguel de Cervantes - UNICAES | Biblioteca Miguel de Cervantes - UNICAES | Sala Principal | 18/11/2013 | Donación - Mayorga Rivas | 007353 | 972.84052 ELS | 1007353 | 18/11/2013 | 18.00 | 18/11/2013 | 1- Monografias |